Manual de la enfermería / (Registro nro. 14213)
[ vista simple ]
| 000 -LIDER | |
|---|---|
| fixed length control field | 00706nam a2200229 c 4500 |
| 001 - NÚMERO DE CONTROL | |
| Identificador de número de control | |
| 003 - IDENTIFICACDOR DE NÚMERO DE CONTROL | |
| control field | DO-SdBNP |
| 005 - DATE AND TIME OF LATEST TRANSACTION | |
| control field | 20220524101342.0 |
| 008 - ELEMENTOS DE LONGITUD FIJA | |
| fixed length control field | 171227s2012 sp a 000 0 spa |
| 020 ## - ISBN | |
| International Standard Book Number | 9788449445323 |
| 040 ## - FUENTE DE CATALOGACIÓN | |
| Agencia que crea de manera original el registro | BPMSU |
| Idioma de catalogación | spa |
| Agencia que realiza la transcripción | BPMSU |
| Convenciones de la despripción | |
| 082 ## - NÚMERO DE CLASIFICACIÓN DECIMAL DE DEWEY | |
| Classification number | 610.73 |
| Item number | M294e 2012 |
| Edition number | 22 |
| 245 ## - MENCIÓN DE TITULO | |
| Título | Manual de la enfermería / |
| Mención de responsabilidad | Dirección Carlos Gispert ; ilustración Montserrat Marcet. |
| 260 ## - PUBLICACIÓN, DISTRIBUCIÓN, ETC. (PIE DE IMPRENTA) | |
| Lugar de publicación, distribución, etc | Barcelona : |
| Nombre del editor, distribuidor, etc. | Editorial Oceano/Centrum, |
| Fecha de publicación, distribución, etc | 2012 |
| Nombre del editor, distribuidor, etc. | |
| 300 ## - DESCRIPCIÓN FÍSICA | |
| Extensión | xvi, 1312 p. : |
| Otros detalles físicos | il. ; |
| Dimensiones | 26 cm |
| 500 ## - NOTA GENERAL | |
| Nota general | Incluye bibliografías e índice. |
| 650 #4 - ENCABEZAMIENTO DE MATERIA--TEMÁTICO | |
| Término temático o nombre geográfico como elemento de entrada | Enfermería |
| Subdivisión de forma | Manuales. |
| 700 1# - ASIENTO SECUNDARIO -- NOMBRE PERSONAL | |
| Nombre personal | Gispert, Carlos |
| Mención de responsabilidad | director |
| 710 2# - ASIENTO SECUNDARIO -- NOMBRE CORPORATIVO | |
| Nombre corporativo o de jurisdicción | OCEANO/CENTRUM |
| 910 ## - VALIDACIÓN | |
| Validación | VMateo V. |
| 942 ## - ADDED ENTRY ELEMENTS (KOHA) | |
| Source of classification or shelving scheme | Dewey Decimal Classification |
| Koha item type | Libros |
| Withdrawn status | Lost status | Source of classification or shelving scheme | Damaged status | Not for loan | Collection code | Home library | Current library | Date acquired | Full call number | Barcode | Date last seen | Price effective from | Koha item type | Total Checkouts | Copy number |
|---|---|---|---|---|---|---|---|---|---|---|---|---|---|---|---|
| Dewey Decimal Classification | Colección General | Biblioteca Pública Metropolitana Salomé Ureña | Biblioteca Pública Metropolitana Salomé Ureña | 05/23/2022 | BPMSU CGR R-610.73 M294e 2012 | BPMSU22050053 | 05/23/2022 | 05/23/2022 | Libros | ||||||
| Dewey Decimal Classification | Colección General | Biblioteca Pública Metropolitana Salomé Ureña | Biblioteca Pública Metropolitana Salomé Ureña | 05/23/2022 | BPMSU CGR R-610.73 M294e 2012 | BPMSU22050054 | 05/24/2022 | 05/23/2022 | Libros | e.2 |